000 00453nam a22001457a 4500
008 140521b xxu||||| |||| 00| 0 eng d
020 _a9780852444252
050 _aBV1471.2.R382
100 _aKay K. William
_910460
245 _aReligion in Education: 1
_bchurch schools
_cWilliam K. Kay
260 _aWiltshire
_bCromwell Press
_c1997-98
300 _axii, 372p. ;
_c30c.
650 _aCatachetics
_xCatholic Church
_910461
942 _2lcc
_cMONOGRAPH
_04
999 _c120571
_d120571